[Event "Olympiad-43"]
[Site "Batumi"]
[Date "2018.09.24"]
[Round "1.28"]
[White "Chiona, Richard"]
[Black "El Debs, Felipe de Cresce"]
[Result "0-1"]
[WhiteElo "1900"]
[BlackElo "2542"]
[PlyCount "64"]
[EventDate "2018.09.24"]
[EventType "team-swiss"]
[EventRounds "11"]
[EventCountry "GEO"]
[SourceTitle "CBM 187"]
[Source "ChessBase"]
[SourceDate "2018.12.11"]
[SourceVersion "1"]
[SourceVersionDate "2018.12.11"]
[SourceQuality "1"]
[WhiteTeam "Malawi"]
[BlackTeam "Brazil"]
[WhiteTeamCountry "MWI"]
[BlackTeamCountry "BRA"]

1. d4 Nf6 2. Nf3 e6 3. e3 b6 4. Bd3 Bb7 5. 0-0 c5 6. b3 d5 7. Bb2 Nc6 8. a3 Bd6 9. Ne5 0-0 10. f4 Rc8 11. Nd2 Ne7 12. Qe2 Ne4 13. Rad1 cxd4 14. exd4 f5 15. Rf3 Nc6 16. Rh3 Nxe5 17. fxe5 Be7 18. Rf1 Bg5 19. Nf3 Bh6 20. Bc1 Bxc1 21. Rxc1 Qe7 22. a4 Rc7 23. Rf1 g6 24. Qe1 Kh8 25. Nh4 Rg8 26. Nf3 g5 27. Rh6 Kg7 28. Rf6 Nxf6 29. exf6+ Qxf6 30. Ne5 Kh8 31. Kh1 Bc6 32. Qb4 Be8 0-1

[Event "Africa-ch"]
[Site "Livingstone"]
[Date "2018.05.18"]
[Round "6"]
[White "Chiona, Richard"]
[Black "Oussedik, Mahfoud"]
[Result "0-1"]
[WhiteElo "1900"]
[BlackElo "2327"]
[PlyCount "68"]
[EventDate "2018.05.13"]
[EventType "swiss"]
[EventRounds "9"]
[EventCountry "ZAM"]
[SourceTitle "CBM 184 Extra"]
[Source "ChessBase"]
[SourceDate "2018.06.28"]
[SourceVersion "1"]
[SourceVersionDate "2018.06.28"]
[SourceQuality "1"]

1. d4 Nf6 2. Nf3 g6 3. e3 Bg7 4. Bd3 c5 5. 0-0 b6 6. c3 Bb7 7. Nbd2 0-0 8. b4 d6 9. Bb2 Nbd7 10. Qe2 Qc7 11. Rac1 Rae8 12. a3 Nh5 13. Ng5 e5 14. Bb5 exd4 15. cxd4 Bxg2 16. Qg4 Bxf1 17. Nxf1 Re7 18. Bd3 h6 19. Nh3 Ndf6 20. Qg2 Qd7 21. f3 cxb4 22. axb4 Nd5 23. Be4 Nxb4 24. Ba3 a5 25. Bxb4 axb4 26. Rb1 d5 27. Bd3 Qd6 28. Qd2 Ra8 29. Rxb4 Ra1 30. Qb2 Rxe3 31. Qf2 Re6 32. Rb5 Ra4 33. Qc2 Rxd4 34. Rb1 Qc5 0-1

[Event "MAW olymp qual"]
[Site "Blantyre"]
[Date "2016.04.16"]
[Round "2"]
[White "Chiona, Richard"]
[Black "Tumpale, Mhango"]
[Result "1-0"]
[WhiteElo "1827"]
[BlackElo "1016"]
[PlyCount "59"]
[EventDate "2016.05.06"]
[EventType "swiss"]
[EventRounds "6"]
[EventCountry "MWI"]
[SourceTitle "EXT 2018"]
[Source "ChessBase"]
[SourceDate "2017.10.13"]
[SourceVersion "1"]
[SourceVersionDate "2017.10.13"]
[SourceQuality "1"]

1. e4 e5 2. Nf3 Nc6 3. Bb5 Nf6 4. 0-0 Bc5 5. c3 0-0 6. d4 exd4 7. cxd4 Be7 8. Nc3 a6 9. Bd3 d6 10. h3 h6 11. Be3 Qd7 12. Rc1 Re8 13. Bb1 d5 14. Ne5 Nxe5 15. dxe5 Nxe4 16. Nxe4 dxe4 17. Qxd7 Bxd7 18. Rxc7 Bc6 19. Rxc6 bxc6 20. Bxe4 Rec8 21. Rc1 Rab8 22. b3 Rb4 23. Bf5 Rc7 24. Bd3 a5 25. Bc4 Rd7 26. a4 Kf8 27. Kf1 f6 28. exf6 Bxf6 29. Bc5+ Ke8 30. Be6 1-0